| 000 | 00364nam a2200145Ia 4500 | ||
|---|---|---|---|
| 008 | 150301s2006 xx 000 0 und d | ||
| 082 |
_a617.6342 _bP2006C |
||
| 100 | _aCOHEN ,STEPHEN | ||
| 245 | _aPATHWAYS OF THE PULP | ||
| 250 | _a9TH | ||
| 260 |
_bELSEVIER PUBLICATION _aST.LOUIS MISSOURI _c2006 |
||
| 300 | _a1-1080 | ||
| 650 | _aENDODONTICS | ||
| 942 |
_2ddc _cBK |
||
| 999 |
_c6885 _d6885 |
||